Vyztužování podloží geosyntetiky

Salvato in:
Dettagli Bibliografici
Autore principale: Miča, Lumír (Autore)
Natura: Manoscritto Libro
Lingua:ceco
Pubblicazione: Brno : Vysoké učení technické v Brně, 2011
Tags: Aggiungi Tag
Nessun Tag, puoi essere il primo ad aggiungerne!!

MARC

LEADER 00000ntm a22000003a 4500
001 stu242658
005 20150617230049.1
008 120201s2011----xr------------------cze-d
020 |a 978-80-214-4351-8 
040 |a STU  |b slo 
041 0 |a cze 
044 |a xr 
100 1 |a Miča, Lumír  |4 aut 
245 1 |a Vyztužování podloží geosyntetiky 
260 |a Brno :  |b Vysoké učení technické v Brně,  |c 2011 
300 |a 33 s 
996 |b 284V031726  |c V*9269/K-2355  |l VVT  |s A  |a 24  |w stu242658_0001